000 00454nam a2200145 4500
999 _c6292
_d6292
008 170220b xxu||||| |||| 00| 0 eng d
082 _aDPer 910.5 T69 Jan-Aug 2015 v. 1-4
100 _918909
_aGo, Berg
245 _aA step closer to Mount Pinatubo/
_cBerg Go.
260 _aPhilippines:
_bOne Mega Group,
_c©2015.
300 _av4, page 113:
_billustrations;
_c28 cm.
500 _aTravel Now.
650 0 _918910
_aMountaineering
942 _2ddc
_cPER